[Event "Ontario Closed"]
[Site "Toronto CAN"]
[Date "2023.07.01"]
[Round "2.20"]
[White "Momic, Jovan"]
[Black "Uyanik, Mehmet"]
[Result "1-0"]
[WhiteElo "1716"]
[BlackElo "1219"]
[PlyCount "57"]
[EventDate "2023.06.30"]
[EventType "swiss"]
[EventRounds "7"]
[EventCountry "CAN"]

1. d4 b6 2. c4 Bb7 3. Nc3 e6 4. e4 Bb4 5. Bd3 Nf6 6. f3 d6 7. Qa4+ Nc6 8. d5
exd5 9. cxd5 Nxd5 10. exd5 Qh4+ 11. Kf1 Qd4 12. Bb5 a6 13. Bxc6+ Bxc6 14. Qxc6+
Ke7 15. Nge2 Qh4 16. Qxc7+ Kf8 17. Bf4 Bc5 18. Bxd6+ Bxd6 19. Qxd6+ Kg8 20.
Qxb6 h5 21. d6 Rh6 22. Rd1 g5 23. Qe3 Re6 24. Ne4 f6 25. Qf2 Rxe4 26. fxe4 Qxe4
27. Qf3 Qe8 28. d7 Qd8 29. Qxa8 1-0

[Event "Ontario Closed"]
[Site "Toronto CAN"]
[Date "2023.07.01"]
[Round "2.21"]
[White "Tenkov, Arkadii"]
[Black "Sivanandam, Adithya"]
[Result "1-0"]
[WhiteElo "1662"]
[BlackElo "1120"]
[PlyCount "91"]
[EventDate "2023.06.30"]
[EventType "swiss"]
[EventRounds "7"]
[EventCountry "CAN"]

1. e4 c6 2. d4 d5 3. Nc3 dxe4 4. Nxe4 Nf6 5. Nxf6+ exf6 6. c3 Bd6 7. Bd3 O-O 8.
Ne2 Bg4 9. O-O Re8 10. f3 Be6 11. Bf4 Qc7 12. Bxd6 Qxd6 13. Qc2 g6 14. Rae1 Nd7
15. Ng3 f5 16. b3 Re7 17. Kh1 Rae8 18. b4 b5 19. Re2 Nf6 20. Qd2 Kg7 21. Re5
Nd7 22. f4 Nxe5 23. fxe5 Qd5 24. Qg5 h6 25. Nh5+ Kh7 26. Nf6+ Kg7 27. Nxe8+
Rxe8 28. Qf6+ Kh7 29. Kg1 Qxa2 30. Qh4 Qd2 31. Rf3 Qxc3 32. Rh3 h5 33. Be2 Qc1+
34. Kf2 Qd2 35. Rd3 Qh6 36. Rg3 Bc4 37. Bxc4 bxc4 38. Re3 g5 39. Qh3 g4 40. Qh4
c3 41. Rxc3 Qd2+ 42. Kf1 Qxc3 43. Qxh5+ Kg7 44. Qg5+ Kf8 45. Qh6+ Ke7 46. Qd6#
1-0

[Event "Ontario Closed"]
[Site "Toronto CAN"]
[Date "2023.07.01"]
[Round "3.2"]
[White "Barron, Michael"]
[Black "Bordas, Gyula"]
[Result "1-0"]
[WhiteElo "2266"]
[BlackElo "2012"]
[PlyCount "75"]
[EventDate "2023.06.30"]
[EventType "swiss"]
[EventRounds "7"]
[EventCountry "CAN"]

1. e4 e5 2. Nf3 Nc6 3. Bb5 a6 4. Ba4 Nf6 5. O-O Be7 6. Re1 b5 7. Bb3 O-O 8. d4
d6 9. c3 Bg4 10. d5 Na5 11. Bc2 Bh5 12. Nbd2 h6 13. b4 Nb7 14. a4 bxa4 15. Bxa4
a5 16. Bc6 axb4 17. Rxa8 Qxa8 18. cxb4 Qb8 19. Qa4 Nd8 20. Bb5 Bg6 21. h3 Nh7
22. g4 Ng5 23. Kg2 h5 24. Nh2 hxg4 25. hxg4 f6 26. f3 Kf7 27. Nc4 Rh8 28. Nf1
c6 29. dxc6 d5 30. exd5 e4 31. f4 Nf3 32. Rd1 Qc8 33. Kg3 Rh1 34. Nfe3 Ne1 35.
d6 Ne6 36. Qa7 Qh8 37. Qxe7+ Kg8 38. Qxe6+ 1-0

[Event "Ontario Closed"]
[Site "Toronto CAN"]
[Date "2023.07.01"]
[Round "3.3"]
[White "Campbell, Ryan"]
[Black "Zhao, Jifan"]
[Result "1-0"]
[WhiteElo "2181"]
[BlackElo "1974"]
[PlyCount "89"]
[EventDate "2023.06.30"]
[EventType "swiss"]
[EventRounds "7"]
[EventCountry "CAN"]

1. e4 e6 2. d4 d5 3. Nc3 Nf6 4. e5 Nfd7 5. f4 c5 6. Nce2 Nc6 7. Nf3 Qb6 8. c3
cxd4 9. cxd4 Bb4+ 10. Nc3 O-O 11. a3 Bxc3+ 12. bxc3 Na5 13. Bd3 f5 14. exf6
Nxf6 15. O-O Bd7 16. Ne5 Qb3 17. Qe1 Qb6 18. Rf3 Qc7 19. Rh3 Be8 20. a4 Nb3 21.
Rb1 Nxc1 22. Rxc1 Rc8 23. Qh4 Nh5 24. Rf1 g6 25. Qg5 Qg7 26. Bc2 b6 27. Rhf3
Rc7 28. Qg4 Re7 29. Re3 Kh8 30. g3 Qf6 31. Qe2 Ng7 32. g4 Rc7 33. g5 Qe7 34.
Ng4 Qa3 35. Rff3 Bxa4 36. Bxa4 Qxa4 37. Nf6 Qc4 38. Rd3 Re7 39. Rh3 Nf5 40. Qe5
Qc7 41. Nxh7+ Kg8 42. Nf6+ Kf7 43. Rh7+ Ng7 44. Rxg7+ Kxg7 45. Ne8+ 1-0

[Event "Ontario Closed"]
[Site "Toronto CAN"]
[Date "2023.07.01"]
[Round "3.4"]
[White "Singh, Mahip"]
[Black "Zuniga, Dante"]
[Result "0-1"]
[WhiteElo "1938"]
[BlackElo "2263"]
[PlyCount "42"]
[EventDate "2023.06.30"]
[EventType "swiss"]
[EventRounds "7"]
[EventCountry "CAN"]

1. e4 c6 2. d4 d5 3. exd5 cxd5 4. c4 Nf6 5. Nc3 e6 6. Nf3 Be7 7. cxd5 exd5 8.
Be2 O-O 9. O-O Nc6 10. Bg5 h6 11. Bh4 Be6 12. a3 Rc8 13. h3 Nh5 14. Bxe7 Qxe7
15. Ne5 Nf4 16. Nd3 Nxh3+ 17. gxh3 Bxh3 18. Qd2 Nxd4 19. Rfe1 Nb3 20. Qe3 Qe5
21. Qe4 Qxe4 0-1

[Event "Ontario Closed"]
[Site "Toronto CAN"]
[Date "2023.07.01"]
[Round "3.5"]
[White "Xu, Philip"]
[Black "Ning, Eric"]
[Result "1/2-1/2"]
[WhiteElo "1890"]
[BlackElo "2163"]
[PlyCount "73"]
[EventDate "2023.06.30"]
[EventType "swiss"]
[EventRounds "7"]
[EventCountry "CAN"]

1. c4 Nf6 2. Nc3 d5 3. e3 g6 4. d4 Bg7 5. Nf3 O-O 6. cxd5 Nxd5 7. Bc4 Nxc3 8.
bxc3 c5 9. O-O Qc7 10. Be2 b6 11. Bb2 Bb7 12. Rc1 Rd8 13. Qc2 Nd7 14. Rfd1 Nf6
15. Nd2 Rac8 16. Qb1 Qb8 17. Bf3 Bxf3 18. Nxf3 Qa8 19. c4 cxd4 20. Bxd4 Ne4 21.
Qb2 f6 22. Qe2 e5 23. Bb2 Bf8 24. Nd2 Nxd2 25. Rxd2 Rxd2 26. Qxd2 Rd8 27. Qc2
Qc6 28. h4 Qd7 29. a4 Qd3 30. Qxd3 Rxd3 31. Bc3 a5 32. Kf1 Kf7 33. Ke2 Rd8 34.
Rc2 Ke6 35. f3 f5 36. f4 exf4 37. exf4 1/2-1/2

[Event "Ontario Closed"]
[Site "Toronto CAN"]
[Date "2023.07.01"]
[Round "3.6"]
[White "Fradkin, Benjamin"]
[Black "Moses, Neil"]
[Result "0-1"]
[WhiteElo "2041"]
[BlackElo "2029"]
[PlyCount "87"]
[EventDate "2023.06.30"]
[EventType "swiss"]
[EventRounds "7"]
[EventCountry "CAN"]

1. d4 Nf6 2. c4 e6 3. Nf3 d5 4. Nc3 c6 5. e3 Nbd7 6. Be2 dxc4 7. Bxc4 b5 8. Bd3
Bb7 9. O-O a6 10. e4 c5 11. d5 exd5 12. exd5 Bd6 13. Re1+ Kf8 14. Bf5 Qc7 15.
Bxd7 Qxd7 16. Bg5 Nxd5 17. Ne4 Be7 18. Qd2 f6 19. Bh4 g5 20. Bg3 h6 21. Rad1
Rd8 22. Nc3 Kf7 23. a3 Qf5 24. h3 Rhe8 25. Nxd5 Bxd5 26. Qa5 Bxf3 27. Rxe7+
Kxe7 28. Qc7+ Rd7 29. Rxd7+ Qxd7 30. Qxc5+ Kf7 31. gxf3 Qxh3 32. Qc3 Qe6 33.
Kg2 Qd5 34. Qc2 f5 35. Qc7+ Re7 36. Qb8 g4 37. Qh8 Qxf3+ 38. Kh2 Kg6 39. Qg8+
Kh5 40. Qf8 Qe4 41. Qf6 Qe6 42. Qf8 Qf7 43. Qd8 f4 44. Qc8 0-1

[Event "Ontario Closed"]
[Site "Toronto CAN"]
[Date "2023.07.01"]
[Round "3.8"]
[White "Zhu, Charis"]
[Black "Rek, Slava"]
[Result "1/2-1/2"]
[WhiteElo "1896"]
[BlackElo "2316"]
[PlyCount "57"]
[EventDate "2023.06.30"]
[EventType "swiss"]
[EventRounds "7"]
[EventCountry "CAN"]

1. d4 Nf6 2. c4 d6 3. Nc3 Nbd7 4. e4 e5 5. Nf3 c6 6. Be2 Be7 7. d5 cxd5 8. cxd5
O-O 9. O-O a6 10. h3 b5 11. b4 Nb6 12. Be3 Bd7 13. Nxe5 dxe5 14. d6 Nc8 15.
dxe7 Nxe7 16. Bc5 Re8 17. Qc2 Ng6 18. Rfd1 Qc7 19. Bf1 Nf4 20. Rd6 a5 21. Nxb5
axb4 22. Qc4 b3 23. Rxf6 gxf6 24. Nd6 Be6 25. Qb5 Qd7 26. Nxe8 Qxe8 27. Qxe8+
Rxe8 28. axb3 Bxb3 29. Be3 1/2-1/2

[Event "Ontario Closed"]
[Site "Toronto CAN"]
[Date "2023.07.01"]
[Round "3.9"]
[White "Lakhani, Riyaan"]
[Black "Malakhovets, Sergey"]
[Result "0-1"]
[WhiteElo "1872"]
[BlackElo "2185"]
[PlyCount "116"]
[EventDate "2023.06.30"]
[EventType "swiss"]
[EventRounds "7"]
[EventCountry "CAN"]

1. d4 d5 2. c4 c6 3. Nf3 Nf6 4. e3 Bf5 5. Nc3 e6 6. Nh4 Be4 7. f3 Bg6 8. g3 Bd6
9. Qe2 O-O 10. Nxg6 hxg6 11. Bg2 e5 12. O-O exd4 13. exd4 Re8 14. Qd3 dxc4 15.
Qxc4 Nbd7 16. Bg5 Qa5 17. Bxf6 Nxf6 18. Rfe1 Qb4 19. Rxe8+ Rxe8 20. Qxb4 Bxb4
21. Ne4 Nd5 22. a3 Ba5 23. Kf2 Bb6 24. Nc5 Re7 25. Re1 Rxe1 26. Kxe1 Ne3 27.
Bf1 Nc2+ 28. Kd1 Nxd4 29. Nxb7 Nxf3 30. h3 Kf8 31. Bg2 Ne5 32. Nd6 Bd4 33. b3
Bc5 34. Nc4 Nxc4 35. bxc4 Bxa3 36. Bxc6 Bd6 37. g4 g5 38. Kd2 Ke7 39. Kd3 Bc5
40. Ke4 Kd6 41. Be8 f6 42. Kf5 Bd4 43. Bb5 Kc5 44. Ke4 a5 45. Kd3 Be5 46. Ba6
a4 47. Kc2 Bc7 48. Kb2 Kb4 49. Ka2 Bd6 50. Bb5 a3 51. Ba6 Kc3 52. Bb5 Bc5 53.
Ba6 g6 54. Bb7 f5 55. Bc8 f4 56. Bb7 Kd2 57. Be4 Ke3 58. Bxg6 f3 0-1

[Event "Ontario Closed"]
[Site "Toronto CAN"]
[Date "2023.07.01"]
[Round "3.10"]
[White "Lu, Eddie"]
[Black "Laughlin, Braden"]
[Result "1-0"]
[WhiteElo "1863"]
[BlackElo "2117"]
[PlyCount "127"]
[EventDate "2023.06.30"]
[EventType "swiss"]
[EventRounds "7"]
[EventCountry "CAN"]

1. e4 e6 2. d3 d5 3. Nd2 Nf6 4. Ngf3 c5 5. g3 Nc6 6. Bg2 Be7 7. O-O O-O 8. Re1
Qc7 9. Qe2 dxe4 10. dxe4 e5 11. c3 h6 12. Nc4 Be6 13. Nh4 Bxc4 14. Qxc4 Ne8 15.
Ng6 Nd6 16. Qd5 Rfe8 17. Nxe7+ Rxe7 18. Qxc5 b6 19. Qe3 Nc4 20. Qe2 N4a5 21. b4
Nb7 22. Ba3 Rd7 23. Bh3 Rdd8 24. Rad1 Ne7 25. c4 Nc6 26. Rd5 Ne7 27. Rxd8+ Rxd8
28. Rd1 Nc6 29. Rd5 Nd4 30. Qd3 a5 31. Bb2 Rxd5 32. cxd5 axb4 33. Bxd4 exd4 34.
Qxd4 Qc5 35. Qe5 Nd6 36. Qe7 Qc1+ 37. Kg2 Qc5 38. Bg4 g5 39. Bh5 Kg7 40. e5
Qxd5+ 41. Bf3 Ne4 42. Qf6+ Kg8 43. Qf5 Nd6 44. Qg6+ fxg6 45. Bxd5+ Nf7 46. Kf3
Kf8 47. Bxf7 Kxf7 48. h4 gxh4 49. gxh4 Ke6 50. Ke4 g5 51. hxg5 hxg5 52. f3 b5
53. Kd4 Kd7 54. Kd5 Ke7 55. e6 Ke8 56. Kd6 Kd8 57. Ke5 Ke8 58. Kf6 Kf8 59. Kxg5
Ke7 60. Kf5 Ke8 61. Ke5 Ke7 62. f4 Ke8 63. f5 Ke7 64. Kd5 1-0

[Event "Ontario Closed"]
[Site "Toronto CAN"]
[Date "2023.07.01"]
[Round "3.11"]
[White "Malakar, Saarthak"]
[Black "Lu, Tony"]
[Result "0-1"]
[WhiteElo "1836"]
[BlackElo "1999"]
[PlyCount "66"]
[EventDate "2023.06.30"]
[EventType "swiss"]
[EventRounds "7"]
[EventCountry "CAN"]

1. d4 d5 2. Nf3 e6 3. g3 c6 4. Bg2 Nf6 5. O-O Nbd7 6. b3 Bd6 7. Bb2 O-O 8. Nbd2
b6 9. c4 Bb7 10. e3 Rc8 11. Rc1 Qe7 12. Qc2 c5 13. Qb1 e5 14. dxe5 Nxe5 15.
Nxe5 Bxe5 16. Bxe5 Qxe5 17. cxd5 Bxd5 18. Bxd5 Nxd5 19. Nc4 Qe6 20. Kg2 Rcd8
21. Rfd1 b5 22. Nb2 Qc6 23. Kg1 b4 24. Na4 Qf6 25. Rd3 Nc7 26. Rxc5 Rxd3 27.
Qxd3 Ne6 28. Rc1 Ng5 29. Qe2 h6 30. Rd1 Rc8 31. Nb2 Qc6 32. h4 Nf3+ 33. Kf1 Nd4
0-1

[Event "Ontario Closed"]
[Site "Toronto CAN"]
[Date "2023.07.01"]
[Round "3.12"]
[White "Momic, Jovan"]
[Black "Reshetar, Oleksandr"]
[Result "0-1"]
[WhiteElo "1716"]
[BlackElo "1978"]
[PlyCount "78"]
[EventDate "2023.06.30"]
[EventType "swiss"]
[EventRounds "7"]
[EventCountry "CAN"]

1. d4 Nf6 2. c4 e6 3. Nf3 b6 4. g3 Bb7 5. Bg2 d5 6. Ne5 Nbd7 7. Qa4 Qc8 8. cxd5
exd5 9. Bg5 c6 10. Bh3 Qc7 11. Nxd7 Nxd7 12. O-O h6 13. Bf4 Bd6 14. Bxd6 Qxd6
15. Nd2 Nf6 16. e4 dxe4 17. Rfe1 O-O 18. Nxe4 Nxe4 19. Rxe4 c5 20. dxc5 Qxc5
21. Rf4 Qd5 22. f3 Rad8 23. Qc2 Rfe8 24. Bf1 b5 25. a4 a6 26. axb5 axb5 27. Ra7
g5 28. Rxb7 Qxb7 29. Rf6 Kg7 30. Rc6 b4 31. b3 Qa7+ 32. Kg2 Qe3 33. Qb2+ Kg8
34. Qf6 Rd2+ 35. Kh3 Qg1 36. Bc4 Rxh2+ 37. Kg4 Rh4+ 38. Kf5 Qb1+ 39. Bd3 Qxd3#
0-1

[Event "Ontario Closed"]
[Site "Toronto CAN"]
[Date "2023.07.01"]
[Round "3.13"]
[White "O'Neil, Michael"]
[Black "Zhong, Ryan Yunhui"]
[Result "0-1"]
[WhiteElo "1668"]
[BlackElo "1972"]
[PlyCount "88"]
[EventDate "2023.06.30"]
[EventType "swiss"]
[EventRounds "7"]
[EventCountry "CAN"]

1. e4 e6 2. d4 d5 3. Nc3 Nf6 4. e5 Nfd7 5. f4 c5 6. Nf3 Nc6 7. Be3 a6 8. a3
cxd4 9. Nxd4 Bc5 10. Qd2 O-O 11. Qf2 Qb6 12. O-O-O Bxd4 13. Bxd4 Qc7 14. h4 b5
15. h5 Rb8 16. Rh4 b4 17. axb4 Rxb4 18. Nb1 f6 19. Bc3 Rb8 20. exf6 Nxf6 21.
Bd3 Nb4 22. Bxb4 Rxb4 23. Qd2 Qb8 24. c3 Rb6 25. g4 Nd7 26. h6 Nc5 27. hxg7
Nb3+ 28. Kc2 Nxd2 29. gxf8=Q+ Kxf8 30. Kxd2 Rxb2+ 31. Kc1 Ra2 32. Rd2 Qxf4 33.
Rxh7 Rxd2 34. Nxd2 Kg8 35. Ra7 Qe3 36. Ra8 Qxd3 37. Rxc8+ Kg7 38. c4 Qc3+ 39.
Kd1 d4 40. Rc7+ Kf8 41. Rb7 d3 42. Rb1 e5 43. Rc1 Qd4 44. Nf1 Qf2 0-1

[Event "Ontario Closed"]
[Site "Toronto CAN"]
[Date "2023.07.01"]
[Round "3.14"]
[White "Lin, Austin"]
[Black "Joseph, Jonath"]
[Result "0-1"]
[WhiteElo "1246"]
[BlackElo "1939"]
[PlyCount "208"]
[EventDate "2023.06.30"]
[EventType "swiss"]
[EventRounds "7"]
[EventCountry "CAN"]

1. e4 e5 2. Nf3 Nc6 3. Bc4 Bc5 4. b4 Bxb4 5. c3 Ba5 6. d4 exd4 7. O-O d6 8. Qb3
Qe7 9. cxd4 Bb6 10. Bb5 Bd7 11. Rd1 Na5 12. Bxd7+ Qxd7 13. Qc2 Ne7 14. Nc3 O-O
15. Ne2 Ng6 16. Ng3 Nc6 17. a3 Rfe8 18. Be3 Nce7 19. Nh5 Qc6 20. Qd3 d5 21. e5
Nf8 22. Nf4 Qd7 23. a4 a5 24. Ne2 Ne6 25. Nc3 Red8 26. Rab1 h6 27. Rb5 Nf8 28.
h3 Qe6 29. Rdb1 Nd7 30. Bc1 Nb8 31. Ba3 Nec6 32. Bc1 Nb4 33. Qd1 N8c6 34. Ba3
Na7 35. R5xb4 axb4 36. Bxb4 Nc6 37. Ba3 Na5 38. Bc1 Nc4 39. Bf4 Qc6 40. Nb5 Qg6
41. Bg3 Ra6 42. Nh4 Qe6 43. Nf3 Rda8 44. Nc3 Qc6 45. Nh4 Nb2 46. Qb3 Nc4 47.
Qd1 Qd7 48. Nf3 Ba5 49. Ne2 Rb6 50. Kh2 Nb2 51. Qc2 Nxa4 52. Rc1 Rb2 53. Qd3
Qb5 54. Qxb5 Rxb5 55. Nf4 Nc3 56. e6 fxe6 57. Nxe6 Ne2 58. Nxc7 Bxc7 59. Rxc7
Nxg3 60. Kxg3 Ra6 61. Rc8+ Kh7 62. Kf4 Rb2 63. Ke3 g5 64. Rc7+ Kg8 65. Rc8+ Kg7
66. Rc7+ Kf6 67. Rc3 Rba2 68. Kd3 R6a3 69. Ne5 Rxc3+ 70. Kxc3 h5 71. Nd3 Ra3+
72. Kc2 b5 73. f3 Ra4 74. Kc3 Rc4+ 75. Kb3 Rxd4 76. Kc3 Rc4+ 77. Kb3 d4 78. Ne1
Rc1 79. Nc2 d3 80. Ne3 d2 81. Nd5+ Kg7 82. Ne3 d1=Q+ 83. Nxd1 Rxd1 84. Kb4 h4
85. Kxb5 Rd2 86. Kc4 Rxg2 87. Kd3 Rg3 88. Ke4 Rxh3 89. Ke3 g4 90. Kf2 Rxf3+ 91.
Kg2 h3+ 92. Kh2 Rf2+ 93. Kg3 Rg2+ 94. Kf4 h2 95. Ke5 h1=Q 96. Kd4 Qd1+ 97. Ke5
Re2+ 98. Kf4 Qd4+ 99. Kg3 Re3+ 100. Kh4 g3+ 101. Kh3 g2+ 102. Kxg2 Qg4+ 103.
Kf2 Re2+ 104. Kf1 Qg2# 0-1

[Event "Ontario Closed"]
[Site "Toronto CAN"]
[Date "2023.07.01"]
[Round "3.16"]
[White "Xu, Ryan"]
[Black "Narula, Japveer"]
[Result "1-0"]
[WhiteElo "1761"]
[BlackElo "1279"]
[PlyCount "45"]
[EventDate "2023.06.30"]
[EventType "swiss"]
[EventRounds "7"]
[EventCountry "CAN"]

1. d4 d5 2. c4 dxc4 3. Nf3 a6 4. a4 Nf6 5. g3 Bf5 6. Bg2 e6 7. O-O c5 8. Nc3
Nc6 9. Be3 cxd4 10. Nxd4 Nxd4 11. Bxd4 Nd5 12. Re1 Bb4 13. e4 Nxc3 14. bxc3 Bg6
15. cxb4 Qe7 16. Bxg7 Rg8 17. Be5 Qxb4 18. Rb1 Qa5 19. Bf6 Rc8 20. Rxb7 Qc5 21.
Qd7+ Kf8 22. Be7+ Kg7 23. Bxc5 1-0

[Event "Ontario Closed"]
[Site "Toronto CAN"]
[Date "2023.07.01"]
[Round "3.16"]
[White "Zheng, Chen Ji"]
[Black "Tenkov, Arkadii"]
[Result "1/2-1/2"]
[WhiteElo "1997"]
[BlackElo "1662"]
[PlyCount "67"]
[EventDate "2023.06.30"]
[EventType "swiss"]
[EventRounds "7"]
[EventCountry "CAN"]

1. e4 c6 2. d4 d5 3. exd5 cxd5 4. c4 Nf6 5. Nc3 Nc6 6. Nf3 Bg4 7. cxd5 Nxd5 8.
Qb3 Bxf3 9. gxf3 Nxc3 10. bxc3 Qb6 11. Qxb6 axb6 12. Bb5 e6 13. a4 Be7 14. Rb1
Rc8 15. Rg1 O-O 16. Bd2 Rfd8 17. f4 Bd6 18. Bd3 Bc7 19. Ke2 Ne7 20. Be4 Nd5 21.
Bxd5 Rxd5 22. Rg5 Rcd8 23. Rxd5 Rxd5 24. Rb5 Kf8 25. Ke3 Ke7 26. c4 Rxb5 27.
axb5 Bd6 28. Ke4 f6 29. h3 g6 30. Be3 Kd7 31. c5 Bc7 32. Kd3 Ke7 33. Kc4 Kd7
34. Kd3 1/2-1/2

[Event "Ontario Closed"]
[Site "Toronto CAN"]
[Date "2023.07.01"]
[Round "3.17"]
[White "Ugodnikov, Arkadiy"]
[Black "Pollitt, Henry"]
[Result "0-1"]
[WhiteElo "1593"]
[BlackElo "1233"]
[PlyCount "92"]
[EventDate "2023.06.30"]
[EventType "swiss"]
[EventRounds "7"]
[EventCountry "CAN"]

1. e4 e6 2. d4 d5 3. Nd2 Nf6 4. e5 Nfd7 5. Bd3 c5 6. c3 Nc6 7. Ne2 Be7 8. O-O
Qb6 9. Nf3 O-O 10. a3 c4 11. Bc2 Na5 12. Rb1 Nb3 13. Be3 Nb8 14. Ng3 f5 15.
exf6 Bxf6 16. Nh5 Nd7 17. Re1 g6 18. Nxf6+ Nxf6 19. Ne5 Kg7 20. Qf3 Nd7 21. Qg3
Nxe5 22. Qxe5+ Kg8 23. Bh6 Rf7 24. Re3 Qd8 25. Rbe1 Qh4 26. Rf3 Qxh6 27. Rxf7
Kxf7 28. f4 Qg7 29. Qc7+ Kg8 30. Qd8+ Qf8 31. Qg5 Bd7 32. f5 exf5 33. Re7 Be8
34. Re5 h6 35. Qg3 Kh7 36. Rxd5 Bc6 37. Rd6 Qf7 38. h4 Be4 39. Bxe4 fxe4 40.
Qe5 Re8 41. Qg3 e3 42. h5 g5 43. Qg4 Qf2+ 44. Kh1 Qf1+ 45. Kh2 Qf4+ 46. Qxf4
gxf4 0-1

[Event "Ontario Closed"]
[Site "Toronto CAN"]
[Date "2023.07.01"]
[Round "3.18"]
[White "Schyngera, Eli"]
[Black "Khamidov, Bek"]
[Result "1/2-1/2"]
[WhiteElo "1551"]
[BlackElo "1085"]
[PlyCount "73"]
[EventDate "2023.06.30"]
[EventType "swiss"]
[EventRounds "7"]
[EventCountry "CAN"]

1. d4 d5 2. Nf3 Bf5 3. c4 e6 4. Nc3 Nf6 5. Bg5 Be7 6. e3 O-O 7. cxd5 Nxd5 8.
Bxe7 Qxe7 9. Nxd5 exd5 10. Bd3 Qb4+ 11. Qd2 Qxd2+ 12. Kxd2 Be4 13. Bxe4 dxe4
14. Ne5 f6 15. Nc4 Nc6 16. a3 Rad8 17. Rac1 b5 18. b4 bxc4 19. Rxc4 Ne5 20.
Rxc7 Rf7 21. Rhc1 Rfd7 22. Ke2 Nd3 23. R1c3 Kf7 24. f3 f5 25. g4 g6 26. h4 Ke7
27. h5 Rxc7 28. Rxc7+ Rd7 29. Rc6 Rd6 30. Rc7+ Rd7 31. Rc6 Kf7 32. gxf5 gxf5
33. Rh6 Kg7 34. Re6 Nc1+ 35. Kf2 Nd3+ 36. Ke2 Nc1+ 37. Kf2 1/2-1/2

[Event "Ontario Closed"]
[Site "Toronto CAN"]
[Date "2023.07.01"]
[Round "3.19"]
[White "Murali, Dhruv"]
[Black "Uyanik, Mehmet"]
[Result "1-0"]
[WhiteElo "1635"]
[BlackElo "1219"]
[PlyCount "71"]
[EventDate "2023.06.30"]
[EventType "swiss"]
[EventRounds "7"]
[EventCountry "CAN"]

1. b3 b6 2. Bb2 Bb7 3. e3 Nf6 4. Nf3 c5 5. d4 e6 6. c4 d5 7. Nbd2 Nc6 8. a3 Qc7
9. Bd3 Rd8 10. Rc1 Qb8 11. O-O cxd4 12. exd4 Bd6 13. cxd5 Nxd5 14. Bb5 Rc8 15.
Nc4 O-O 16. Bxc6 Bxc6 17. Nce5 Bb5 18. Re1 Nf4 19. a4 f6 20. axb5 fxe5 21. Nxe5
Bb4 22. Nc6 Qb7 23. Re3 Qf7 24. Rf3 Bd6 25. Ne5 Bxe5 26. Rxc8 Rxc8 27. dxe5 Qf5
28. g3 Nh3+ 29. Kg2 Qg4 30. Rf8+ Rxf8 31. Qxg4 Rxf2+ 32. Kxh3 Rxb2 33. Qxe6+
Kf8 34. Qd7 Ra2 35. e6 Re2 36. Qf7# 1-0

[Event "Ontario Closed"]
[Site "Toronto CAN"]
[Date "2023.07.01"]
[Round "3.20"]
[White "Sheth, Rudra"]
[Black "Chen, Larry"]
[Result "1-0"]
[WhiteElo "1444"]
[BlackElo "1174"]
[PlyCount "94"]
[EventDate "2023.06.30"]
[EventType "swiss"]
[EventRounds "7"]
[EventCountry "CAN"]

1. e4 c6 2. d4 d5 3. e5 c5 4. dxc5 Nc6 5. Be3 Nxe5 6. Bb5+ Nc6 7. c3 Nf6 8. Nf3
Bg4 9. Qa4 Qc7 10. Bf4 Qc8 11. Ne5 Bd7 12. Nxd7 Nxd7 13. b4 a6 14. Bxc6 Qxc6
15. Qxc6 bxc6 16. O-O g6 17. Re1 Bg7 18. Bd6 Bf6 19. a3 O-O 20. Bg3 a5 21. Ra2
axb4 22. cxb4 Ra4 23. Re3 Rfa8 24. Rb3 R8a7 25. h4 Ne5 26. Nc3 R4a6 27. b5 Ra5
28. f4 Nd3 29. bxc6 Bd4+ 30. Kh2 Bxc5 31. Rb8+ Kg7 32. Nxd5 Bd6 33. c7 Bxc7 34.
Nxc7 Rxc7 35. f5 Rc3 36. fxg6 hxg6 37. Re2 e6 38. Bd6 Rc4 39. Bf8+ Kh7 40. Be7
Rf5 41. Re3 Nf2 42. Rf3 Rxf3 43. gxf3 Kg7 44. Rb4 Rc7 45. Bd6 Rc6 46. Be7 Ra6
47. Rd4 Rc6 1-0

[Event "Ontario Closed"]
[Site "Toronto CAN"]
[Date "2023.07.01"]
[Round "3.21"]
[White "Bakradze, Joshua"]
[Black "Sivanandam, Adithya"]
[Result "0-1"]
[WhiteElo "1335"]
[BlackElo "1120"]
[PlyCount "80"]
[EventDate "2023.06.30"]
[EventType "swiss"]
[EventRounds "7"]
[EventCountry "CAN"]

1. e4 c6 2. Nf3 d5 3. Nc3 Bg4 4. exd5 cxd5 5. d4 e6 6. Qd3 a6 7. Bf4 Bxf3 8.
Qxf3 Nc6 9. Qe3 Nge7 10. Bd3 Nb4 11. O-O Nxd3 12. Qxd3 Ng6 13. Bg3 b5 14. a3
Be7 15. Ne2 Bg5 16. f4 Bf6 17. f5 exf5 18. Qxf5 O-O 19. c3 Re8 20. Nf4 Nxf4 21.
Rxf4 Ra7 22. Qd3 Rae7 23. Raf1 Re4 24. R4f3 R8e7 25. a4 Qe8 26. Bd6 Re3 27. Qf5
Rxf3 28. Rxf3 Re1+ 29. Rf1 Qe3+ 30. Kh1 Rxf1+ 31. Qxf1 Bg5 32. axb5 axb5 33. h3
Qc1 34. Qxc1 Bxc1 35. Ba3 f5 36. Kg1 Kf7 37. Kf1 g5 38. Ke1 Kg6 39. g3 f4 40.
Kd1 fxg3 0-1

[Event "Ontario Closed"]
[Site "Toronto CAN"]
[Date "2023.07.02"]
[Round "4.2"]
[White "Moses, Neil"]
[Black "Campbell, Ryan"]
[Result "0-1"]
[WhiteElo "2029"]
[BlackElo "2181"]
[PlyCount "126"]
[EventDate "2023.06.30"]
[EventType "swiss"]
[EventRounds "7"]
[EventCountry "CAN"]

1. e4 c6 2. d4 d5 3. exd5 cxd5 4. Bd3 Nc6 5. c3 Qc7 6. Ne2 e5 7. dxe5 Nxe5 8.
Bb5+ Bd7 9. Bxd7+ Qxd7 10. Bf4 Ng6 11. Bg3 Nf6 12. Nd2 Bc5 13. Nf4 O-O 14. O-O
Rfe8 15. Nb3 Bb6 16. a4 a5 17. Nxg6 hxg6 18. Nd4 Bxd4 19. Qxd4 Re4 20. Qb6 d4
21. cxd4 Rxd4 22. Be5 Rb4 23. Qc7 Qxc7 24. Bxc7 Rxb2 25. Rfb1 Rxb1+ 26. Rxb1
Nd5 27. Rxb7 Rc8 28. Rb8 Rxb8 29. Bxb8 Kf8 30. Kf1 Ke7 31. Ke2 Kd7 32. Kd2 Kc6
33. Kc2 Kc5 34. Kb3 Kd4 35. Ba7+ Kd3 36. g3 g5 37. Bc5 g6 38. Ba7 g4 39. Bc5 f5
40. Ba7 g5 41. Bc5 f4 42. Ba7 f3 43. Bc5 Nf6 44. Bb6 Ne4 45. Bxa5 Nxf2 46. Bb6
Nd1 47. a5 Ne3 48. Bxe3 Kxe3 49. a6 f2 50. a7 f1=Q 51. a8=Q Qb1+ 52. Kc3 Qd3+
53. Kb2 Kf2 54. Qh8 Kg1 55. Qh5 Qd2+ 56. Kb3 Qxh2 57. Qxg4 Qd2 58. Qf3 Kh2 59.
Kc4 Kh3 60. Kc5 g4 61. Qb3 Qf2+ 62. Kb5 Qxg3 63. Qb2 Qb8+ 0-1

[Event "Ontario Closed"]
[Site "Toronto CAN"]
[Date "2023.07.02"]
[Round "4.3"]
[White "Zuniga, Dante"]
[Black "Yang, Larry"]
[Result "1-0"]
[WhiteElo "2263"]
[BlackElo "1955"]
[PlyCount "67"]
[EventDate "2023.06.30"]
[EventType "swiss"]
[EventRounds "7"]
[EventCountry "CAN"]

1. d4 Nf6 2. c4 g6 3. Nc3 Bg7 4. e4 d6 5. f4 O-O 6. Nf3 Nbd7 7. e5 Ne8 8. Be3
b6 9. Be2 Bb7 10. O-O c5 11. exd6 Nxd6 12. d5 Qc7 13. Bf2 Bxc3 14. bxc3 Ne4 15.
f5 Nxf2 16. Rxf2 Nf6 17. fxg6 hxg6 18. Ng5 Kg7 19. Qd2 Rh8 20. d6 Rad8 21. h3
Qxd6 22. Qe3 Qc7 23. Raf1 Rd6 24. Bd3 Qd7 25. Bc2 Rd8 26. Qg3 Qe8 27. Qe5 Qf8
28. Qg3 Bc6 29. Re1 Kg8 30. Qh4 Qg7 31. Rxe7 R6d7 32. Ne6 Qh8 33. Qxh8+ Kxh8
34. Nxd8 1-0